Akciové společnosti

Salvato in:
Dettagli Bibliografici
Autore principale: Dědič, Jan
Natura: Libro
Lingua:ceco
Pubblicazione: Praha C. H. Beck 2007
Edizione:6. přeprac. vyd.
Serie:Beckova edice právo a hospodářství
Soggetti:
Tags: Aggiungi Tag
Nessun Tag, puoi essere il primo ad aggiungerne!!

MARC

LEADER 00000nam$a2200000$$$4500
001 0080357
005 20240313132721.8
020 |a 978-80-7179-587-2 
041 0 |a cze 
044 |a CZ 
245 1 0 |a Akciové společnosti  |c Jan Dědič ... [et al.] 
250 |a 6. přeprac. vyd. 
264 1 |a Praha  |b C. H. Beck  |c 2007 
300 |a 920 s. 
490 1 |a Beckova edice právo a hospodářství 
830 0 |a Beckova edice právo a hospodářství 
610 2 0 |a spoločnosti akciové 
610 2 0 |a právo obchodné 
610 2 0 |a predpisy právne 
610 2 0 |a Česko 
100 1 |a Dědič, Jan